[Event "Labour Day"]
[Site "Adelaide"]
[Date "2005.10.01"]
[Round "4.4"]
[White "Eustace, Sophie"]
[Black "Schoech, Franz"]
[Result "1-0"]
[Annotator "Fritz 9"]
[BlackElo "1024"]
[EventCountry "AUS"]
[EventDate "2005.10.01"]
[EventRounds "7"]
[EventType "swiss"]
[PlyCount "105"]
[WhiteElo "1153"]

{ C40: Latvian and Elephant Gambits } 1. e4 e5 2. Nf3 c6 3. Nxe5 ( 3. d4 Nf6 4.
Nc3 exd4 5. Qxd4 d5 6. Bg5 Be7 7. O-O-O c5 8. Qa4+ Bd7 9. Bb5 d4 10. e5 Ng4 11.
Bxe7 Qxe7 12. Nd5 Qd8 13. Rhe1 O-O 14. Bxd7 Nxd7 15. h3 Nh6 16. c3 Nb6 17. Nxb6
axb6 { Ivanov,V  (  2450  )  -Bondarenko,V  (  2315  )  /Moscow 1995/CBM 050
ext/1-0  (  34  )}  )3... Qe7 $146 ( 3... Nf6 4. Bc4 Qe7 5. d4 d6 6. Nf3 d5 7.
Bb3 Qxe4+ 8. Be3 Bg4 9. Nbd2 Qf5 10. h3 Bxf3 11. Nxf3 Bd6 12. Qe2 O-O 13. c3 a5
14. Bc2 Qc8 15. O-O Nbd7 16. Nh4 g6 17. f4 Qd8 18. g3 { Abbasifar,H  (  2375  )
 -Dragun,J/Golden Sands 2000/CBM 077 ext/1-0  (  83  )}  )( 3... Bc5 4. d4 Qf6
5. Nf3 Bb6 6. Be2 d6 7. h3 Ne7 8. O-O O-O 9. c3 Re8 10. e5 dxe5 11. Nxe5 c5 12.
Nc4 cxd4 13. Nxb6 Qxb6 14. Qxd4 Qxd4 15. cxd4 Nf5 16. Bb5 Rd8 17. Be3 Nxd4 18.
Nc3 { Massery,R-Canivet,C/Condom 2002/CBM 089 ext/0-1  (  67  )}  )4. d4 d6 5.
Nf3 Qxe4+ 6. Be2 Bf5 7. c4 Be7 8. O-O d5 $2 ( 8... Qc2 $5 $16 $142)9. Nc3 ( 9.
Qb3 { makes it even easier for White}  9... Bc8 10. Re1 Nd7 $18 )9... Qe6 (
9... Qc2 10. Qe1 Bg4 11. cxd5 $18 )10. Qb3 ( 10. cxd5 $142 { might be the
shorter path}  10... cxd5 11. Re1 Nc6 $18 )10... b6 $2 ( 10... Qc8 $18)11. cxd5
cxd5 ( 11... Qc8 { does not improve anything}  12. Re1 Kf8 13. Ne5 $18 )12.
Bb5+ ( 12. Re1 $142 { and White can celebrate victory}  12... Kf8 13. Bd3 Qc8
14. Qxd5 Bxd3 $18 )12... Kf8 13. Qxd5 ( 13. Nxd5 Nc6 14. Ng5 Bxg5 15. Bxc6 Qxc6
16. Bxg5 Be6 17. Qa3+ Ke8 $18 )13... Qxd5 14. Nxd5 a6 ( 14... Bd6 15. Bd2 Ne7
16. Rfe1 $18 )15. Nxb6 Ra7 16. Bc4 Rb7 17. Nd5 Bd6 18. b3 h5 ( 18... Ne7 { is
not much help}  19. Ne5 $18 )19. Bf4 ( 19. Ne5 { seems even better}  19... Nf6
$18 )19... Rd7 20. Bxd6+ Rxd6 21. h3 ( 21. Rfe1 $142 { and White can already
relax}  21... Nc6 $18 )21... Be4 22. Nc7 ( 22. Ne3 Bxf3 23. gxf3 Ne7 $18 )22...
Bxf3 23. gxf3 Rhh6 24. Rfe1 Ne7 25. Re5 Nbc6 26. Re4 ( 26. Re3 $5 Nxd4 27. Rae1
$18 )26... Nxd4 27. Nxa6 ( 27. Kh1 $142 Nxf3 28. Re3 $16 )27... Nxf3+ $15 28.
Kh1 Nd2 { Black threatens to win material: Nd2xe4}  29. Rxe7 ( 29. Nc5 $142
Nxe4 30. Nxe4 $15 )29... Nxc4 $4 { there were better ways to keep up the
pressure}  ( 29... Kxe7 $142 30. Nc5 Nxc4 31. Re1+ Kd8 32. bxc4 Rd4 $19 )30.
Ree1 $4 { releasing the pressure on the opponent}  ( 30. Rae1 $142 { White had
this great chance}  30... g5 31. Nc5 $18 ( 31. bxc4 $6 Rxa6 32. Re8+ Kg7 $14
))30... Rxa6 $14 31. bxc4 { A double rook endgame occured.}  31... Ra3 { Black
threatens to win material: Ra3xh3}  32. Re3 { White threatens to win material:
Re3xa3}  32... Ra4 33. Rc3 Rc6 { Black threatens to win material: Rc6xc4}  34.
Rac1 ( 34. c5 $5 $14)34... Rxa2 $11 35. Kg2 h4 36. R1c2 { White threatens to
win material: Rc2xa2}  36... Rg6+ 37. Kf3 Raa6 ( 37... Rxc2 38. Rxc2 Ke7 39. c5
$11 )38. Ke4 ( 38. c5 Rac6 $14 )38... Rge6+ $11 39. Kf4 Ke7 40. Re3 Kf6 41.
Rxe6+ Kxe6 42. Kg4 f5+ ( 42... Ke5 $5 $11 $142 { is worth looking at} )43. Kxh4
$16 Ke5 44. Kg3 ( 44. Kg5 $5 $16)44... f4+ $14 45. Kh2 Ke4 46. Rc3 f3 ( 46...
Rc6 47. Kg2 $14 )47. Re3+ ( 47. c5 Rc6 48. Rc4+ Kd3 49. Rg4 $18 )47... Kf4 $11
48. Re1 g5 $2 ( 48... Ra2 $5 $142 { would keep Black alive}  49. Kg1 Rc2 $11
)49. Rg1 Ra3 50. Rg4+ ( 50. Rc1 $5 Ra2 51. Kg1 $16 )50... Kf5 51. Kg3 Rc3 (
51... Rd3 52. h4 gxh4+ 53. Rxh4 $14 )52. c5 ( 52. Rd4 $5 $18 $142)52... Rxc5
$14 53. Kxf3 ( 53. Kxf3 Rc1 54. Rd4 $14 ) 1-0

[Event "Labour Day"]
[Site "Adelaide"]
[Date "2005.10.02"]
[Round "5.1"]
[White "Mdinaradze, Edgar"]
[Black "Eustace, Sophie"]
[Result "1-0"]
[Annotator "Fritz 9"]
[BlackElo "1153"]
[EventCountry "AUS"]
[EventDate "2005.10.01"]
[EventRounds "7"]
[EventType "swiss"]
[PlyCount "105"]
[WhiteElo "1845"]

{ D51: Queen's Gambit Declined: 4 Bg5 Nbd7 sidelines } 1. d4 d5 2. c4 e6 3. Nc3
Nf6 4. Nf3 Nbd7 5. Bg5 Be7 6. e3 b6 7. cxd5 exd5 8. Bb5 O-O 9. Bc6 Rb8 10. O-O
$146 ( 10. Bxd5 Nxd5 11. Nxd5 Bxg5 12. Nxg5 Qxg5 13. Qf3 Bb7 14. e4 Bxd5 15.
exd5 Nf6 16. O-O Qxd5 17. Qc3 c5 18. Rfd1 Ne4 19. Qf3 cxd4 20. Rd3 Rbd8 21. Qf4
f6 22. Rad1 Qxa2 23. Qxe4 Qxb2 24. Qb7 Rf7 { Vogel,N-Fahrenholz,K/Lingen
1995/Juniors/1-0  (  50  )}  )( 10. Nxd5 Nxd5 11. Bxe7 Nxe7 12. Be4 f5 13. Qb3+
Kh8 14. Bd3 Bb7 { 1-0 Calford,E  (  1246  )  -Wang,Z  (  1497  )  /Canberra
2001/CBM 080 ext}  )10... Bb7 11. Qa4 Bxc6 12. Qxc6 Re8 ( 12... Rc8 13. Nxd5
Nxd5 14. Qxd5 Bxg5 15. Qxg5 Qxg5 16. Nxg5 $16 )13. Rac1 $18 Nf8 $2 ( 13... Rc8
$18 $142)14. Bxf6 Bxf6 15. Nxd5 Ne6 16. Nxf6+ ( 16. Rfd1 { makes it even easier
for White}  16... Be7 $18 )16... Qxf6 17. d5 Nc5 18. Qxf6 gxf6 19. b4 ( 19.
Rfd1 $5 $142 { keeps an even firmer grip}  19... a5 $18 )19... Nd3 20. Rxc7
Nxb4 ( 20... Rbd8 21. Rb1 Rxd5 22. Kf1 $18 )21. Rd1 ( 21. d6 { seems even
better}  21... Ra8 $18 )21... Red8 ( 21... Nxa2 22. d6 ( 22. Rxa7 $6 Nc3 23.
Rd3 Rbc8 $18 )22... a5 23. Nd4 $18 )22. d6 Nxa2 23. d7 ( 23. Nh4 $5 { and White
can already relax}  23... Rbc8 24. Ra1 Nc3 $18 )23... a5 24. Nd4 Nb4 25. Rb1 (
25. Rdc1 Kf8 $18 )25... Na6 ( 25... Ra8 26. Rb7 $18 )26. Ra7 Nb4 27. Kf1 Kg7
28. Ke2 Kg6 ( 28... Kf8 29. Rc1 $18 )29. g4 Kg5 ( 29... h5 30. gxh5+ Kxh5 31.
Rc1 $18 )30. f3 h6 ( 30... Kg6 31. Rc1 $18 )31. Kf2 ( 31. h4+ $5 { keeps an
even firmer grip}  31... Kg6 $18 )31... Kg6 32. f4 ( 32. Kg3 Ra8 33. Rb7 h5 $18
)32... Kg7 $2 ( 32... Ra8 $142 33. Rb7 Nd3+ 34. Kf3 Nc5 35. R7xb6 Rxd7 $18 )33.
Ke2 $18 Kg6 34. h3 Kg7 35. Kd2 Kg6 ( 35... h5 36. gxh5 Kh6 37. Rg1 $18 )36. Kc3
( 36. e4 { and White can already relax}  36... Kh7 $18 )36... Kg7 ( 36... Ra8
37. Rxa8 Rxa8 $18 )37. Kc4 Kg6 38. Kb5 Kg7 ( 38... Nd5 { doesn't get the cat
off the tree}  39. Re1 Ne7 40. e4 $18 )39. Nc6 ( 39. Nf5+ $142 { and White has
triumphed}  39... Kh7 $18 )39... Nxc6 40. Kxc6 Kg6 ( 40... Kf8 $18)41. Rxb6
Rxb6+ ( 41... Rxd7 { doesn't get the bull off the ice}  42. Rxd7 ( 42. Kxd7 $6
Rxb6 43. Rxa5 Rb3 $11 )42... Rc8+ 43. Rc7 $18 )42. Kxb6 f5 ( 42... Rxd7 { the
last chance for counterplay}  43. Rxd7 a4 $18 )43. Kc7 Rg8 44. d8=Q Rxd8 45.
Kxd8 fxg4 46. hxg4 Kf6 47. Rxa5 ( 47. Ra6+ Kg7 48. Rxa5 Kf8 49. Rf5 h5 50. gxh5
f6 51. Rxf6+ Kg7 52. Rg6+ Kh7 53. e4 Kh8 54. f5 Kh7 55. e5 Kh8 56. Ke8 Kh7 57.
Kf7 Kh8 58. Rh6# )47... Kg7 48. Ke8 Kg6 ( 48... f5 { is no salvation}  49. Rxf5
Kg6 50. e4 Kg7 51. Rf7+ Kg6 52. e5 h5 53. Rf6+ Kg7 54. gxh5 Kg8 55. Rg6+ Kh7
56. f5 Kh8 57. Kf7 Kh7 58. e6 Kh8 59. Rh6# )49. Rf5 f6 ( 49... Kg7 { cannot
undo what has already been done}  50. Rxf7+ Kg8 51. e4 h5 52. gxh5 Kh8 53. h6
Kg8 54. f5 Kh8 55. e5 Kg8 56. f6 Kh8 57. e6 Kg8 58. e7 Kh8 59. Kd7 Kg8 60.
e8=Q# )50. Ke7 Kg7 ( 50... Kh7 { a fruitless try to alter the course of the
game}  51. Kf7 Kh8 52. Rh5 Kh7 53. f5 Kh8 54. Rxh6# )51. Rxf6 Kh7 ( 51... Kg8 {
cannot change destiny}  52. Rg6+ Kh8 53. Kf7 Kh7 54. e4 h5 55. gxh5 Kh8 56.
Rh6# )52. Kf7 Kh8 ( 52... h5 { is not the saving move}  53. gxh5 Kh8 54. Rh6#
)53. Rxh6#  1-0

[Event "Labour Day"]
[Site "Adelaide"]
[Date "2005.10.02"]
[Round "5.2"]
[White "Juszczynski, Mathew"]
[Black "Amini, Amir"]
[Result "1-0"]
[Annotator "Fritz 9"]
[BlackElo "1746"]
[EventCountry "AUS"]
[EventDate "2005.10.01"]
[EventRounds "7"]
[EventType "swiss"]
[PlyCount "79"]
[WhiteElo "1768"]

{ A22: English Opening: 1...e5 2 Nc3 Nf6 } 1. c4 e5 2. Nc3 Nf6 3. g3 d6 4. Bg2
Nbd7 5. e4 ( 5. d3 c6 6. e4 Be7 7. Nge2 h5 8. f4 h4 9. Be3 exf4 10. gxf4 Ng4
11. Bg1 h3 12. Bf3 Bh4+ 13. Ng3 Ndf6 14. Qd2 Nh5 15. Ne2 g5 16. f5 Ne5 17. Bxh5
Rxh5 18. O-O-O Rh6 19. Qc3 g4 { Jirovsky,M  (  2420  )  -Movsesian,S  (  2580 
)  /Lazne Bohdanec 1996/CBM 051/1/2-1/2  (  53  )}  )( 5. e3 Be7 6. Nge2 c6 7.
O-O Qc7 8. b4 O-O 9. d3 Re8 10. b5 Nf8 11. bxc6 bxc6 12. Nb5 Qd7 13. d4 e4 14.
Nbc3 d5 15. Qa4 a5 16. cxd5 cxd5 17. Qxd7 Bxd7 18. Nf4 Bc6 19. Bd2 g5 {
Guglielmi,D  (  2113  )  -Facchetti,G  (  2203  )  /Verona 2005/CBM 104 ext/0-1
 (  56  )}  )5... Be7 6. f4 $146 ( 6. Nge2 O-O 7. O-O c6 ( 7... Re8 8. d3 Nc5
9. h3 c6 10. f4 a6 11. a4 b6 12. d4 Ncd7 13. Be3 c5 14. d5 Rb8 15. f5 g6 16. g4
h5 17. fxg6 fxg6 18. gxh5 Nxh5 19. Qd2 g5 20. Kh2 Nf4 21. Rg1 Nf6 22. Bxf4 {
Hirnstein,M  (  1741  )  -Rudnik,K  (  1732  )  /Greifswald 2002/CBM 092
ext/0-1  (  32  )}  )8. d3 Ne8 9. Be3 g6 10. Qd2 Ng7 11. b4 Nf6 12. h3 Qc7 13.
a3 Be6 14. f4 Nd7 15. Rac1 f5 16. Kh2 Rad8 17. b5 Nc5 18. Bxc5 dxc5 19. bxc6
bxc6 20. Qe3 exf4 { Saw,G  (  2264  )  -Kassa,P/Gold Coast 2000/CBM 076 ext/0-1
 (  34  )}  )6... c6 { Controls b5+d5}  7. Nf3 O-O 8. O-O Qc7 9. d3 a6 { Covers
b5}  10. h3 { Secures g4}  10... b5 11. b3 b4 { Black threatens to win
material: b4xc3}  ( 11... Nh5 12. Kh2 $11 )12. Ne2 Bb7 13. Be3 Rfd8 14. g4 d5 (
14... Re8 $5 $11 $142 { must be considered} )15. fxe5 $16 Nxe5 16. Nxe5 Qxe5
17. Bf4 ( 17. d4 $5 $142 Qc7 18. e5 $16 )17... Qe6 $11 18. cxd5 cxd5 19. e5 {
White threatens to win material: e5xf6.}  19... Nd7 20. d4 f6 21. exf6 Nxf6 22.
Ng3 Ne4 { An ideal square for the black knight.}  23. Nf5 ( 23. Be5 Nxg3 24.
Bxg3 Qe3+ 25. Bf2 Qh6 $11 )23... Bf6 24. Re1 g6 { Black threatens to win
material: g6xf5}  25. Nh6+ Kg7 $4 { letting the wind out of his own sails}  (
25... Kh8 $17 $142)26. g5 $18 Be7 $2 ( 26... Bxg5 27. Bxg5 Rf8 $18 )27. Be5+
Kf8 28. h4 ( 28. Qf3+ $142 { might be the shorter path}  28... Ke8 29. h4 $18
)28... Bd6 ( 28... Ke8 { what else?}  29. Qf3 Rac8 $18 )29. Qf3+ Ke8 30. Bh3
Qe7 31. Ng8 Qf7 ( 31... Bxe5 { is still a small chance}  32. Nxe7 Bxd4+ 33. Kg2
Bxa1 $18 )32. Nf6+ Ke7 33. Bxd6+ ( 33. Qf4 Bc6 34. Rxe4 dxe4 $18 )33... Rxd6
34. Rac1 Kd8 ( 34... Bc6 35. Qg3 Rxf6 36. gxf6+ Qxf6 37. Qc7+ Ke8 38. Rf1 Qxd4+
39. Kh1 $18 )35. Qf4 Rc6 ( 35... Qf8 36. Qe5 Qe7 37. Rxe4 Qxe5 38. Rxe5 Bc6 39.
Rxc6 Rxc6 40. Re8+ Kc7 41. Rxa8 Rc1+ 42. Bf1 Rd1 43. Nxd5+ Kc6 44. Nxb4+ Kb7
$18 )36. Rxc6 Bxc6 37. Rxe4 dxe4 ( 37... Qc7 { doesn't do any good}  38. Re5
Rc8 39. Nxd5 Qg7 40. Re7 Qxe7 41. Nxe7 Bd7 42. Qf8+ Kc7 43. Nd5+ Kc6 44. Qc5+
Kb7 45. Qxb4+ Ka7 46. Qb6+ Ka8 47. Qxa6+ Kb8 48. Qd6+ Ka8 49. Nb6+ Kb7 50.
Qxd7+ Rc7 51. Bg2+ Ka6 52. Qa4+ Kxb6 53. Qb4+ Ka6 54. Qd6+ Rc6 55. Qxc6+ Ka5
56. a3 h6 57. b4# )38. Qd6+ Bd7 39. Bxd7 Qe7 ( 39... Ra7 { does not help much} 
40. Bg4+ Rd7 41. Bxd7 Qf8 42. Qxf8+ Kc7 43. Qc8+ Kb6 44. Qb8+ Ka5 45. Qc7# )40.
Qb6#  1-0

[Event "Labour Day"]
[Site "Adelaide"]
[Date "2005.10.02"]
[Round "5.5"]
[White "Sanderson, Christopher"]
[Black "Hughes, Peter"]
[Result "1-0"]
[Annotator "Fritz 9"]
[BlackElo "1179"]
[EventCountry "AUS"]
[EventDate "2005.10.01"]
[EventRounds "7"]
[EventType "swiss"]
[PlyCount "93"]
[WhiteElo "1104"]

{ C34: King's Gambit Accepted: 3 Nf3: 3...Nf6 and 3...d6 } 1. e4 e5 ( 1... c5 2.
Nf3 d6 3. d4 cxd4 4. Nxd4 Nf6 5. Nc3 a6 6. Be3 e5 7. Nb3 Be7 8. f3 Be6 9. Qd2
b5 10. a4 ( 10. g4 Nc6 11. h4 Na5 12. Nxa5 Qxa5 13. Ne2 Qc7 14. Ng3 d5 15. Bd3
d4 16. Bg5 h6 17. Bxf6 Bxf6 18. Nh5 Qe7 19. Nxf6+ Qxf6 20. Qf2 Qf4 21. O-O O-O
22. b3 Rfc8 23. Qh2 Qxh2+ 24. Kxh2 g5 { Gurshwin Twigg,G-Yashin,A/Denizli
2003/CBM 095 ext/0-1  (  47  )}  )10... bxa4 11. Rxa4 O-O 12. Be2 d5 13. exd5
Nxd5 14. Nxd5 Bxd5 15. Na5 Qd7 16. b3 { Wang Yu  (  2382  )  -Huang Qian  ( 
2260  )  /Chennai 2001/CBM 084 ext/1-0  (  31  )}  )2. f4 exf4 3. Nf3 Bc5 4. d4
Bb6 5. Bxf4 d6 6. Bc4 Bg4 7. O-O Nf6 $146 ( 7... Ne7 8. Bxf7+ Kf8 9. c3 Bxf3
10. Qxf3 Kxf7 11. Bxd6+ Ke8 12. Qf7+ Kd7 13. Bg3 Rg8 14. a4 a5 15. Kh1 Qe8 16.
Qc4 Rf8 17. Na3 Na6 18. Nb5 Rc8 19. d5 Rxf1+ 20. Rxf1 Qg6 21. Nd4 Bxd4 22. Qb5+
{ Sihombing,H-Hoareau,P  (  2050  )  /Jakarta 1997/CBM 058 ext/1-0  (  37  )} 
)8. Qd3 O-O 9. c3 Re8 10. Nbd2 c6 11. Bg5 h6 $2 ( 11... Nbd7 12. Rae1 $16 )12.
Bh4 $4 { gives the opponent counterplay}  ( 12. Bxf6 $142 { and White has
reached his goal}  12... gxf6 13. Nh4 $18 )12... Nbd7 $16 13. Rae1 Bxf3 ( 13...
Bc7 $16 $142)14. Rxf3 $4 { White loses the upper hand}  ( 14. Qxf3 $142 { and
White is on the road to success}  14... Rc8 15. Qf2 $18 )14... Ne5 $11 { Black
threatens to win material: Ne5xd3}  15. Bxf6 ( 15. Qf1 Nxf3+ 16. Qxf3 d5 $15
)15... Nxd3 16. Bxf7+ { Demolishes the pawn shield.}  16... Kxf7 $4 { gives the
opponent new chances. Decoy theme: f7}  ( 16... Kf8 $142 { and Black can hope
to survive}  17. Bxd8 Nxe1 $15 )17. Bxd8+ $18 { Discovered attack}  17... Kg8
18. Rxd3 Raxd8 19. Kf1 Rf8+ 20. Rf3 a6 21. Ke2 Ba7 22. Ref1 b5 23. Kd3 c5 24.
Rxf8+ Rxf8 25. Rxf8+ Kxf8 26. dxc5 ( 26. Nf1 $5 $142 cxd4 27. cxd4 d5 28. exd5
Bb8 $18 )26... dxc5 $16 27. e5 Bb8 $2 ( 27... Ke7 $5 $16 $142)28. Ke4 $18 Ke7
$2 ( 28... c4 $18)29. Kd5 c4 30. Ne4 Ba7 31. b3 ( 31. Nc5 { and White can
already relax}  31... a5 32. Nb7 Bb6 $18 )31... g5 $4 { the final mistake, not
that it matters anymore}  ( 31... cxb3 $142 32. axb3 Bg1 $18 )32. bxc4 bxc4 33.
Nd2 ( 33. Nd6 { seems even better}  33... Bf2 34. Nf5+ Ke8 35. Nxh6 Be1 36.
Kxc4 Kd7 $18 )33... Bg1 ( 33... Bf2 { does not help much}  34. g4 $18 )34. h3
Bf2 35. Nxc4 Be1 36. Kd4 ( 36. Nd6 { might be the shorter path}  36... Bxc3 37.
Nf5+ Kd7 38. Nxh6 Bd2 $18 )36... Bf2+ 37. Ne3 ( 37. Ke4 $5 { keeps an even
firmer grip}  37... Ke6 38. Nb2 Ba7 $18 )37... Ke6 38. Kd3 ( 38. g4 $18 $142 {
makes it even easier for White} )38... Bxe3 $4 { a blunder in a bad position} 
( 38... Bg3 $18 $142)39. Kxe3 Kxe5 40. c4 a5 ( 40... h5 $18 { no good, but what
else?} )41. g4 a4 42. a3 Kd6 ( 42... Ke6 { cannot undo what has already been
done}  43. Ke4 Kd6 44. Kd4 Ke6 45. c5 Kd7 46. Kd5 Kc7 47. c6 Kb6 48. Kd6 Kb5
49. c7 Kc4 50. c8=Q+ Kd3 51. Qa6+ Kd2 52. Qxa4 h5 53. gxh5 Kd3 54. h6 g4 55. h7
Kd2 56. h8=Q Ke3 57. Qc3+ Kf2 58. Qac2+ Kf1 59. Qa1# )43. Kd4 Kc6 ( 43... Ke7 {
hardly improves anything}  44. Ke5 Kd7 45. Kd5 Kc8 46. Kd6 Kb7 47. c5 Ka6 48.
c6 Kb5 49. c7 Kc4 50. c8=Q+ Kb3 51. Kd5 h5 52. Kd4 Kxa3 53. Qc3+ Ka2 54. Qc2+
Ka1 55. Kc3 a3 56. Kb3 hxg4 57. Qa2# )44. c5 Kd7 ( 44... Kc7 { is not the
saving move}  45. Kd5 Kb7 46. c6+ Kb6 47. Kd6 Kb5 48. c7 Kc4 49. c8=Q+ Kd4 50.
Qc5+ Ke4 51. Qf2 Kd3 52. Kc5 Ke4 53. Qe2+ Kf4 54. Kd5 Kg3 55. Ke4 h5 56. Ke3
Kxh3 57. Qf3+ Kh2 58. Kf2 hxg4 59. Qg2# )45. Kd5 Kc7 ( 45... Kd8 { does not
improve anything}  46. Kd6 Kc8 47. c6 Kb8 48. c7+ Kb7 49. Kd7 h5 50. c8=Q+ Kb6
51. Qc6+ Ka5 52. Kc7 hxg4 53. Qb6# )46. c6 Kd8 ( 46... Kb6 { does not save the
day}  47. Kd6 Kb5 48. c7 h5 49. c8=Q h4 50. Qc5+ Ka6 51. Qb4 Ka7 52. Kc6 Ka8
53. Qb7# )47. Kd6 ( 47. Kd6 Kc8 48. c7 h5 49. gxh5 g4 50. hxg4 Kb7 51. h6 Ka6
52. c8=Q+ Kb5 53. Qc5+ Ka6 54. h7 Kb7 55. h8=Q Ka6 56. Qhc8# ) 1-0

[Event "Labour Day"]
[Site "Adelaide"]
[Date "2005.10.02"]
[Round "5.6"]
[White "Schoech, Franz"]
[Black "Staak, Eric"]
[Result "1/2-1/2"]
[Annotator "Fritz 9"]
[BlackElo "1398"]
[EventCountry "AUS"]
[EventDate "2005.10.01"]
[EventRounds "7"]
[EventType "swiss"]
[PlyCount "44"]
[WhiteElo "1024"]

{ B33: Sicilian: Pelikan and Sveshnikov Variations } 1. e4 c5 2. Nf3 Nc6 3. d4
cxd4 4. Nxd4 Nf6 5. Nc3 e5 6. Nxc6 bxc6 7. Bd3 d5 ( 7... Bc5 8. O-O O-O ( 8...
h6 9. h3 O-O 10. Qe2 Re8 11. Be3 Bxe3 12. Qxe3 d5 13. exd5 cxd5 14. Bb5 d4 15.
Qf3 e4 16. Nxe4 Nxe4 17. Rfe1 Re5 18. Bc6 Ng5 19. Qg3 Rxe1+ 20. Rxe1 Be6 21.
Bxa8 Qxa8 22. Qe5 f6 23. Qb5 { Boldt,M  (  1644  )  -Kuipers,D  (  1874  ) 
/Dortmund 2005/CBM 107 ext/1/2-1/2  (  40  )}  )9. Na4 Be7 10. c4 d5 11. cxd5
cxd5 12. exd5 Qxd5 13. Nc3 Qc6 14. Qe2 Bb7 15. f3 Rad8 16. Bb5 Qb6+ 17. Be3 Bc5
18. Bxc5 Qxc5+ 19. Kh1 Rd4 20. Rac1 Qd6 21. Rcd1 Rd8 22. Rxd4 { Malzer,W  ( 
1850  )  -Sprenger,J  (  2256  )  /Bad Woerishofen 2000/CBM 075 ext/0-1  (  40 
)}  )8. exd5 $146 ( 8. O-O Bc5 ( 8... Be7 9. exd5 cxd5 10. Bg5 O-O 11. Re1 e4
12. Be2 Bb7 13. Qd2 d4 14. Nb5 Qd5 15. Qc1 e3 16. f3 Qxg5 17. Nxd4 Nh5 { 0-1
Reifenroether,M-Dany,S/Mendig 1994/GER}  )9. Qf3 O-O 10. Bg5 Bb7 11. Qf5 h6 12.
Bxf6 Qxf6 13. Qxf6 gxf6 14. a3 a5 15. Kh1 a4 16. f4 Bd4 17. Ne2 Be3 18. Rf3 Bc5
19. Ng3 Bc8 20. h3 Rb8 21. Ra2 f5 22. fxe5 fxe4 { Villoria,T  (  1829  ) 
-Lazaro,L/Salamanca 2002/CBM 086 ext/0-1  (  37  )}  )8... cxd5 9. Bg5 Bb4 10.
Bb5+ Bd7 ( 10... Kf8 11. Bxf6 gxf6 12. Bc6 $14 )11. Bxf6 $16 Bxc3+ 12. bxc3
gxf6 13. Qxd5 Rc8 $4 { causes even greater problems}  ( 13... Bxb5 14. Qxb5+
Qd7 $16 )14. Qxd7+ ( 14. O-O-O $142 { and White wins}  14... O-O 15. Qxd7 $18
)14... Qxd7 $11 15. Bxd7+ Kxd7 { A double rook endgame occured}  16. Rb1 ( 16.
O-O-O+ Ke6 $11 )16... Rxc3 $15 17. Kd2 { White threatens to win material:
Kd2xc3}  17... Ra3 { Black threatens to win material: Ra3xa2}  18. Rb2 Rc8 19.
Kc1 Kd6 20. Kb1 Rc4 21. Re1 Rd4 22. Kc1 Rda4  1/2-1/2

[Event "Labour Day"]
[Site "Adelaide"]
[Date "2005.10.02"]
[Round "6.1"]
[White "Jothibabu, Anandaram"]
[Black "Mdinaradze, Edgar"]
[Result "0-1"]
[Annotator "Fritz 9"]
[BlackElo "1845"]
[EventCountry "AUS"]
[EventDate "2005.10.01"]
[EventRounds "7"]
[EventType "swiss"]
[PlyCount "60"]
[WhiteElo "1501"]

{ B07: Pirc Defence: Miscellaneous Systems } 1. e4 d6 2. d4 Nf6 3. Bd3 Nc6 4.
Nf3 Bg4 5. c3 e5 6. d5 Nb8 7. h3 Bc8 ( 7... Bh5 8. Be3 Nbd7 9. c4 Nc5 10. Bxc5
Bxf3 11. Qxf3 dxc5 12. Bc2 Bd6 13. Ba4+ Ke7 14. Nc3 h5 15. O-O-O h4 16. Rdf1 a6
17. Kb1 Kf8 18. Qd3 Qe7 19. Re1 Kg8 20. g3 g6 21. Nd1 Nh5 22. Reg1 { Smagin,S 
(  2540  )  -Rustemov,A  (  2450  )  /Moscow 1995/CBM 047 ext/0-1  (  85  )} 
)8. Nbd2 $146 ( 8. c4 g6 9. Nc3 Bg7 10. Bg5 h6 11. Be3 c5 12. a3 Nh5 13. g3 a6
14. Nd2 O-O 15. Be2 Nf6 16. g4 Ne8 17. Bd3 Qh4 18. Qf3 Nc7 19. Qg3 Qe7 20. h4
b5 21. h5 g5 22. O-O bxc4 { Langeweg,K  (  2445  )  -Cuartas,C  (  2440  ) 
/Amsterdam 1977/MCD/1/2-1/2  (  42  )}  )( 8. Be3 Nbd7 9. c4 g6 10. g4 Nc5 11.
Bc2 a5 12. Nc3 Bg7 13. Qe2 h5 14. g5 Nfd7 15. Nh4 Bf8 16. O-O-O Be7 17. Rhg1
Nf8 18. Nf5 Nh7 19. Nxe7 Qxe7 20. h4 O-O 21. Kb1 Bd7 22. Rde1 b6 { Starostits,I
 (  2426  )  -Galdunts,S  (  2506  )  /Calvi 2004/CBM 098 ext/0-1  (  56  )} 
)8... Be7 9. Nf1 h6 { Prevents intrusion on g5}  ( 9... Nbd7 10. Ng3 $11 )10.
Ng3 $14 g6 { Secures f5+h5}  ( 10... O-O 11. O-O $14 )11. Be3 $16 h5 12. Qd2 c5
( 12... O-O 13. O-O $16 )13. c4 a5 14. O-O Bd7 15. Ng5 h4 16. Ne2 Nh5 17. g4 (
17. a3 $16 $142)17... hxg3 $15 18. fxg3 ( 18. Nxg3 $2 Nf4 { Clearance to allow
h8-h4}  19. Nf3 Nxh3+ 20. Kg2 Nf4+ 21. Kg1 Bg5 $19 )18... Bxg5 19. Bxg5 { White
has the pair of bishops}  19... f6 { Black threatens to win material: f6xg5} 
20. Be3 $2 ( 20. Bxf6 $5 $142 { and White has air to breath}  20... Nxf6 21.
Qg5 $11 )20... Bxh3 $19 21. Rf2 Nd7 ( 21... Qd7 $142 22. Rh2 a4 $17 )22. Rh2
$11 { White threatens to win material: Rh2xh3}  22... Bg4 23. Kg2 ( 23. Rh4
Bxe2 24. Bxe2 Rg8 $11 )23... Ke7 { Black loses the right to castle}  ( 23...
Qb6 $5 $17 $142)24. Rh4 Bxe2 25. Bxe2 ( { Worse is } 25. Qxe2 Nf4+ 26. Bxf4
Rxh4 27. gxh4 exf4 $19 )25... Qf8 26. Rah1 Qg7 ( 26... Kd8 $14 $142)27. g4 (
27. Kf2 $16 $142)27... Nf4+ $15 28. Bxf4 exf4 29. Qxf4 $4 ( 29. Rxh8 $142 { was
possible}  29... Rxh8 30. Qxf4 ( 30. Qxa5 $2 { is worthless because of}  30...
Rxh1 31. Kxh1 Qh7+ 32. Kg2 g5 $19 )30... Rxh1 31. Kxh1 Qh8+ 32. Qh2 $15 )29...
Rxh4 $19 30. Rxh4 g5 ( 30... g5 31. Rh7 Qxh7 $19 ( 31... gxf4 32. Rxg7+ Ke8 33.
g5 fxg5 34. Bh5+ Kd8 35. Rg8+ Kc7 36. Rxa8 $18 )) 0-1